000 00484nam a2200205Ia 4500
008 240510s9999 xx 000 0 und d
020 _a0000138544891
041 _aEng
082 _a004.22
082 _bT15
100 _aTANENBAUM, Andrew S.
245 0 _aStructured computer organization
250 _a2nd ed.
260 _bPentice Hall, Englewood cliffs, NJ
260 _c1984
300 _a465 p.
650 _aComputer Architectuer
942 _2ddc
942 _cLBK
999 _c24811
_d24811
945 _a1
_bMadushi Gamage
_c1
_dMadushi Gamage